Hebrew Bible (Record no. 29483)

MARC details
000 -LEADER
campo de control de longitud fija 00488mm a2200193a 44500
001 - NÚMERO DE CONTROL
campo de control NM030176
003 - IDENTIFICADOR DE NÚMERO DE CONTROL
campo de control RG CODE MARC
008 - DATOS DE LONGITUD FIJA--INFORMACIÓN GENERAL
campo de control de longitud fija 05020sprin ||||||||||||||000 | heb||
005 - FECHA Y HORA DE LA ÚLTIMA TRANSACCIÓN
campo de control 20251028183345.0
040 ## - FUENTE DE CATALOGACIÓN
Centro catalogador/agencia de origen ORG CODE MARC
130 ## - ENTRADA PRINCIPAL--TÍTULO UNIFORME
Título uniforme [Biblia. Hebreo. 1957]
9 (RLIN) 41010
245 ## - MENCIÓN DEL TÍTULO
Título Hebrew Bible
260 ## - PUBLICACIÓN, DISTRIBUCIÓN, ETC.
Lugar de publicación, distribución, etc. Tulsa, Okla.
Nombre del editor, distribuidor, etc. Oral Roberts
300 ## - DESCRIPCIÓN FÍSICA
Extensión [2], 483 p.
Otras características físicas 13 cm.
520 ## - RESUMEN, ETC.
Sumario, etc. Profetas y escrituras de la Torá
653 ## - TÉRMINO DE INDIZACIÓN--NO CONTROLADO
Término no controlado BIBLIA HEBREA
653 ## - TÉRMINO DE INDIZACIÓN--NO CONTROLADO
Término no controlado TANAJ
942 ## - ELEMENTOS DE ENTRADA SECUNDARIOS (KOHA)
Tipo de ítem Koha Colección General
Holdings
Estatus retirado Estado de pérdida Estado de daño No para préstamo Biblioteca de origen Biblioteca actual Fecha de adquisición Total de préstamos Código de barras Visto por última vez Precio de reemplazo Tipo de ítem Koha
        Biblioteca Pluis Biblioteca Pluis 28/10/2025   047011 28/10/2025 28/10/2025 Colección General